000 00584nam a22002177a 4500
003 IIN
005 20250722121952.0
008 250722s2019 |||acd|| |||| 001 0 eng d
020 _a9788131253335
_c705.00
040 _aIIN
082 _a618.2
_bPOD
100 _aPodder, Lily
245 _aFundamentals of Midwifery & Obstetrical Nursing
_cLily Podder
260 _aHaryana
_bElsevier
_c2019
300 _axv, 475p.
_bill.
500 _aIncludes Index
650 _aMidwifery
_vNursing
650 _aObstetrics
_vNursing
650 _aMidwifery
_vNursing
_yObstetrics
942 _cBOOK
999 _c1866
_d1866